000 00661nas a2200229 4500
001 BR8002227
003 BR-BrBNA
005 20231205084301.0
007 ta
008 230509b bl.|||p| |||| 00| 00por d
040 _aBR-BrBNA
_bpor
_cBiblioteca Nacional de Agricultura
041 _a(Pt)
072 _aF25
100 1 _aAnon.
245 1 _aA casca das arvores transformada em solo fertil [Humo]
650 _aFertilizante
650 _aHumus
650 _aFertilidade do solo
773 0 _tRevista da Madeira (Brazil)
_xISSN 0034-7582
_g(Oct 1980), v. 29(346) p. 27-29
_wBR8002227
909 _a202311
_bLúcia
_c55
_dLúcia Elande
942 _2AGRIS
_n0
_cANA
999 _c104256
_d104256